| 000 | 00458nam a2200193Ia 4500 | ||
|---|---|---|---|
| 005 | 20240823040126.0 | ||
| 008 | 240823s9999||||xx |||||||||||||| ||und|| | ||
| 020 | _a978-81-234-2201-5 | ||
| 041 | _aENGLISH | ||
| 082 | _A361.1 Q2 | ||
| 100 | _aVeerapandian Mu | ||
| 245 | 0 | _aEzhathil Arasiyal Theervu | |
| 250 | _a1st | ||
| 260 |
_c2012 _bNew Censuri Book |
||
| 500 | _aTRANSFERED | ||
| 650 |
_aTamil Books _bGeneral |
||
| 942 | _cBK | ||
| 999 |
_c202341 _d202341 |
||